[Event "Robecchetto op-B 19th"]
[Site "Robecchetto"]
[Date "2008.12.30"]
[Round "6"]
[White "Angalone, Ruggero"]
[Black "Albrizio, Mauro"]
[Result "0-1"]
[WhiteElo "1443"]
[BlackElo "1644"]
[PlyCount "92"]
[EventDate "2008.12.27"]
[EventType "swiss"]
[EventRounds "6"]
[EventCountry "ITA"]
[SourceTitle "EXT 2011"]
[Source "ChessBase"]
[SourceDate "2010.11.26"]
[SourceVersion "1"]
[SourceVersionDate "2010.11.26"]
[SourceQuality "1"]

1. e4 e6 2. d4 d5 3. e5 c5 4. Nf3 Qb6 5. Nc3 Bd7 6. b3 Nc6 7. Bb5 cxd4 8. Bxc6 Qxc6 9. Qxd4 Rc8 10. Bb2 a5 11. a3 Nh6 12. g4 Bc5 13. Qf4 Qb6 14. 0-0 0-0 15. Rad1 f5 16. gxf5 Rxf5 17. Qg3 Rcf8 18. Rd3 Rf4 19. h3 Be8 20. Ne2 R4f5 21. Bd4 Rxf3 22. Rxf3 Rxf3 23. Qxf3 Bxd4 24. Nxd4 Qxd4 25. Qd3 Qxe5 26. Qe3 Qxe3 27. fxe3 Nf5 28. Re1 Kf7 29. e4 dxe4 30. Rxe4 Bc6 31. Re5 Nd4 32. Rxa5 Nxc2 33. b4 Nd4 34. a4 Nb3 35. Ra8 e5 36. b5 Be4 37. a5 Nc5 38. Rc8 Nb3 39. Rc7+ Kf6 40. a6 bxa6 41. bxa6 Nd4 42. Kf2 Nb5 43. Rc4 Kf5 44. Ke3 Bh1 45. Rb4 Nc7 46. Rc4 Nxa6 0-1

[Event "Robecchetto op-B 19th"]
[Site "Robecchetto"]
[Date "2008.12.28"]
[Round "3"]
[White "Albrizio, Mauro"]
[Black "Cervini, Gian Piero"]
[Result "1-0"]
[WhiteElo "1644"]
[BlackElo "1768"]
[PlyCount "87"]
[EventDate "2008.12.27"]
[EventType "swiss"]
[EventRounds "6"]
[EventCountry "ITA"]
[SourceTitle "EXT 2011"]
[Source "ChessBase"]
[SourceDate "2010.11.26"]
[SourceVersion "1"]
[SourceVersionDate "2010.11.26"]
[SourceQuality "1"]

1. e4 g6 2. d4 Bg7 3. Nf3 d6 4. Be2 Nf6 5. Nc3 0-0 6. 0-0 c6 7. Bc4 d5 8. Bd3 dxe4 9. Nxe4 Nbd7 10. c3 Nxe4 11. Bxe4 Nf6 12. Bc2 Qc7 13. Ne5 Be6 14. Re1 Rad8 15. Qe2 b5 16. Bg5 c5 17. dxc5 Qxc5 18. Nf3 Rd6 19. Be3 Qh5 20. Bd4 Re8 21. Qe5 Bf5 22. Bxf5 Rd5 23. Bxg6 Qxg6 24. Qc7 Rd7 25. Qc6 Red8 26. Ne5 Qf5 27. Nxd7 Rxd7 28. Bxf6 Bxf6 29. Qc8+ Kg7 30. Qc6 Rd2 31. Qf3 Qc5 32. Re2 Rd5 33. Rae1 Rf5 34. Qe3 Qc7 35. Qg3+ Qxg3 36. hxg3 h5 37. Rd1 a5 38. Red2 b4 39. c4 Rc5 40. b3 a4 41. Rd5 axb3 42. axb3 Rc7 43. Rd7 Rc8 44. Rb7 1-0

[Event "Robecchetto op-A 18th"]
[Site "Robecchetto"]
[Date "2007.12.28"]
[Round "3"]
[White "Ronconi, Fausto"]
[Black "Albrizio, Mauro"]
[Result "1-0"]
[WhiteElo "1720"]
[BlackElo "1692"]
[PlyCount "91"]
[EventDate "2007.12.27"]
[EventType "swiss"]
[EventRounds "6"]
[EventCountry "ITA"]
[SourceTitle "EXT 2011"]
[Source "ChessBase"]
[SourceDate "2010.11.26"]
[SourceVersion "1"]
[SourceVersionDate "2010.11.26"]
[SourceQuality "1"]

1. c4 e6 2. Nf3 Nf6 3. g3 d5 4. b3 c6 5. Bb2 Nbd7 6. Bg2 Be7 7. 0-0 0-0 8. d3 Qc7 9. Nbd2 Re8 10. Rc1 Bd6 11. Nd4 Qa5 12. a3 Be5 13. N2f3 Bd6 14. b4 Qd8 15. cxd5 exd5 16. Nf5 Bc7 17. Qd2 Ne5 18. Qg5 Bxf5 19. Qxf5 Ng6 20. e3 Qe7 21. Bxf6 gxf6 22. Nd4 Be5 23. Qg4 Bxd4 24. Qxd4 Qe5 25. Qc5 Re7 26. Qc3 Rae8 27. a4 Qxc3 28. Rxc3 Ne5 29. b5 Kg7 30. bxc6 bxc6 31. Rfc1 f5 32. d4 Nc4 33. Bf1 Nd2 34. Rxc6 Nxf1 35. Kxf1 Rd8 36. Rc7 Kf6 37. R1c6+ Re6 38. Rxe6+ Kxe6 39. Rxa7 Rb8 40. a5 Rb1+ 41. Kg2 h5 42. h4 Ra1 43. a6 Ra5 44. Ra8 Kf6 45. a7 Kg7 46. Kf3 1-0

[Event "Milan Crespi op-B 28th"]
[Site "Milan"]
[Date "2007.12.06"]
[Round "1"]
[White "Albrizio, Mauro"]
[Black "D'Aulisa, Francesco"]
[Result "1/2-1/2"]
[WhiteElo "1692"]
[BlackElo "1852"]
[PlyCount "89"]
[EventDate "2007.12.06"]
[EventType "swiss"]
[EventRounds "6"]
[EventCountry "ITA"]
[SourceTitle "EXT 2009"]
[Source "ChessBase"]
[SourceDate "2008.11.26"]
[SourceVersion "1"]
[SourceVersionDate "2008.11.26"]
[SourceQuality "1"]

1. e4 d6 2. d4 e6 3. Nf3 h6 4. Bd3 a6 5. 0-0 Nd7 6. Bf4 Ne7 7. c4 b6 8. Nc3 Bb7 9. Re1 g5 10. Be3 Bg7 11. Rc1 e5 12. Qb3 Ng6 13. c5 g4 14. d5 Nxc5 15. Bxc5 gxf3 16. Be3 fxg2 17. Be2 Nf4 18. Bxf4 exf4 19. Bf3 Qg5 20. Ne2 Rc8 21. Qb4 Be5 22. Nd4 Bxd4 23. Qxd4 f6 24. Rc3 Rg8 25. Rec1 Rg7 26. Qa4+ Kf8 27. Qd1 Ba8 28. Qe2 Bb7 29. a4 Kg8 30. Qd1 Kh8 31. R1c2 f5 32. Qc1 fxe4 33. Bxe4 Bxd5 34. Bxd5 Qxd5 35. Rd2 Qe5 36. Rh3 Qe6 37. Rf3 Re8 38. Rd1 Qe5 39. Rxf4 Rge7 40. Kxg2 Qg5+ 41. Kh1 Re1+ 42. Rxe1 Rxe1+ 43. Qxe1 Qxf4 44. Qc3+ Kg8 45. Qxc7 1/2-1/2

[Event "Ceriano Laghetto op-B"]
[Site "Ceriano Laghetto"]
[Date "2007.04.01"]
[Round "5"]
[White "Albrizio, Mauro"]
[Black "Schingaro, Angelo"]
[Result "1-0"]
[WhiteElo "1736"]
[BlackElo "1728"]
[PlyCount "93"]
[EventDate "2007.03.30"]
[EventType "swiss"]
[EventRounds "5"]
[EventCountry "ITA"]
[SourceTitle "EXT 2008"]
[Source "ChessBase"]
[SourceDate "2007.11.25"]
[SourceVersion "1"]
[SourceVersionDate "2007.11.25"]
[SourceQuality "1"]

1. e4 c6 2. d4 d5 3. Bd3 dxe4 4. Bxe4 Nf6 5. Bf3 Bf5 6. Ne2 e6 7. 0-0 Bd6 8. Bf4 Na6 9. Bxd6 Qxd6 10. c3 0-0 11. Nd2 Rfd8 12. Ng3 Bg6 13. Nc4 Qc7 14. Qe2 c5 15. Rfd1 cxd4 16. cxd4 Nb4 17. Ne5 Nbd5 18. Nxg6 hxg6 19. Rac1 Qb6 20. Qd2 Rac8 21. Ne2 a5 22. a3 a4 23. Nc3 Qb3 24. Bxd5 Nxd5 25. g3 Kf8 26. Nxd5 Qxd5 27. Qb4+ Ke8 28. Qxa4+ b5 29. Qb4 Rc4 30. Rxc4 Qxc4 31. Qxc4 bxc4 32. Kf1 Ke7 33. Ke2 Rb8 34. Rd2 Kd6 35. Rc2 Kd5 36. Ke3 Rb3+ 37. Rc3 Rxb2 38. h4 Rb3 39. Rxb3 cxb3 40. Kd3 b2 41. Kc2 Kxd4 42. Kxb2 Kc4 43. f4 f6 44. Kc2 e5 45. fxe5 fxe5 46. a4 e4 47. Kd2 1-0

[Event "Ceriano Laghetto op-B"]
[Site "Ceriano Laghetto"]
[Date "2007.03.31"]
[Round "2"]
[White "Libutti, Michele"]
[Black "Albrizio, Mauro"]
[Result "1-0"]
[WhiteElo "1887"]
[BlackElo "1736"]
[PlyCount "85"]
[EventDate "2007.03.30"]
[EventType "swiss"]
[EventRounds "5"]
[EventCountry "ITA"]
[SourceTitle "EXT 2008"]
[Source "ChessBase"]
[SourceDate "2007.11.25"]
[SourceVersion "1"]
[SourceVersionDate "2007.11.25"]
[SourceQuality "1"]

1. d4 d5 2. c4 c6 3. Nf3 Nf6 4. Nc3 Bf5 5. e3 e6 6. cxd5 exd5 7. Bd3 Bxd3 8. Qxd3 Bd6 9. 0-0 Nbd7 10. e4 dxe4 11. Nxe4 Bc7 12. Bg5 0-0 13. Rad1 Qe7 14. Rfe1 Qd8 15. b4 h6 16. Bh4 g5 17. Bg3 Nxe4 18. Rxe4 Bxg3 19. hxg3 Nf6 20. Re5 Qd7 21. b5 cxb5 22. Qxb5 Qxb5 23. Rxb5 b6 24. d5 Ne4 25. Rb3 Rfd8 26. Re3 Nd6 27. Ne5 Kg7 28. Nc6 Rd7 29. f4 a5 30. fxg5 hxg5 31. g4 Re8 32. Kf2 Rxe3 33. Kxe3 f6 34. a4 Nc4+ 35. Kd4 Nb2 36. Ra1 Rd6 37. Ra2 Nd3 38. Kxd3 Rxd5+ 39. Nd4 Kg6 40. Rb2 Rd6 41. Rb5 Kg7 42. Ke4 Kg6 43. Rd5 1-0

[Event "Ceriano Laghetto op-B 15th"]
[Site "Ceriano Laghetto"]
[Date "2006.04.02"]
[Round "5"]
[White "Scarpellini, Felice"]
[Black "Albrizio, Mauro"]
[Result "1/2-1/2"]
[WhiteElo "1941"]
[BlackElo "1610"]
[PlyCount "66"]
[EventDate "2006.03.31"]
[EventType "swiss"]
[EventRounds "5"]
[EventCountry "ITA"]
[SourceTitle "EXT 2011"]
[Source "ChessBase"]
[SourceDate "2010.11.26"]
[SourceVersion "1"]
[SourceVersionDate "2010.11.26"]
[SourceQuality "1"]

1. c4 e6 2. Nc3 Nf6 3. g3 d5 4. cxd5 exd5 5. d4 c6 6. Nf3 h6 7. Bg2 Bf5 8. 0-0 Bd6 9. a3 Nbd7 10. b4 Ne4 11. Bb2 Nxc3 12. Bxc3 0-0 13. Nd2 Nf6 14. Nb3 b6 15. Rc1 Qd7 16. Re1 Rfe8 17. Bb2 Be4 18. Rc3 Bxg2 19. Kxg2 Ne4 20. Re3 Ng5 21. Rxe8+ Rxe8 22. Qd3 f5 23. Bc1 Ne4 24. f3 Nf6 25. Nd2 f4 26. e4 fxe3 27. Rxe3 Rxe3 28. Qxe3 Qe7 29. Nf1 Kf7 30. Bd2 Qxe3 31. Nxe3 Ke6 32. g4 Bf4 33. Nf1 Bxd2 1/2-1/2